| 000 | 00861cam a22002533a 4500 | ||
|---|---|---|---|
| 001 | 4975 | ||
| 003 | PGUSA | ||
| 005 | 20140828083112.0 | ||
| 008 | 040101s2004||||xxu|||||s|||||000 | eng d | ||
| 040 |
_aPGUSA _beng |
||
| 042 | _adc | ||
| 050 | 4 | _aDU | |
| 100 | 1 |
_aCarnegie, David Wynford, _d1871-1900 |
|
| 245 | 1 | 0 |
_aSpinifex and Sand : _bA Narrative of Five Years' Pioneering and Exploration in Western Ausralia _h[electronic resource] / _cDavid Wynford Carnegie |
| 260 |
_bProject Gutenberg, _c2004 |
||
| 506 | _aPublic domain in the USA. | ||
| 516 | _aElectronic text | ||
| 653 | _aCarnegie, David Wynford, 1871-1900 | ||
| 653 | _aGold mines and mining -- Australia -- Western Australia | ||
| 653 | _aWestern Australia -- Description and travel | ||
| 830 | 0 |
_aProject Gutenberg _v4975 |
|
| 856 | 4 | 0 | _uhttp://www.gutenberg.org/ebooks/4975 |
| 942 | _cEB | ||
| 999 |
_c234304 _d234304 |
||